<?xml version="1.0" encoding="UTF-8"?>
<collection xmlns="http://www.loc.gov/MARC21/slim">
 <record>
  <leader>04951nam a2200385 a 4500</leader>
  <controlfield tag="001">kal3708</controlfield>
  <controlfield tag="003">Gr-AtHEAL</controlfield>
  <controlfield tag="005">20160427143023.0</controlfield>
  <controlfield tag="006">m        d        </controlfield>
  <controlfield tag="008">160413s2015    gr      s           gre|c</controlfield>
  <datafield tag="020" ind1=" " ind2=" ">
   <subfield code="a">9789606030536</subfield>
  </datafield>
  <datafield tag="040" ind1=" " ind2=" ">
   <subfield code="a">GR-AtHEAL</subfield>
   <subfield code="b">gre</subfield>
   <subfield code="c">GR-AtHEAL</subfield>
  </datafield>
  <datafield tag="082" ind1="0" ind2="4">
   <subfield code="a">551.5</subfield>
   <subfield code="2">23</subfield>
  </datafield>
  <datafield tag="100" ind1="1" ind2=" ">
   <subfield code="a">Κατσαφάδος, Πέτρος.</subfield>
   <subfield code="8">1304</subfield>
  </datafield>
  <datafield tag="245" ind1="1" ind2="0">
   <subfield code="a">Εισαγωγή στην φυσική της ατμόσφαιρας και την κλιματική αλλαγή</subfield>
   <subfield code="h">[Ηλεκτρονικός πόρος] </subfield>
   <subfield code="c">Κατσαφάδος, Πέτρος ; Μαυροματίδης, Ηλίας ; Κριτικός αναγνώστης,Παπαδόπουλος, Αναστάσιος.</subfield>
  </datafield>
  <datafield tag="260" ind1=" " ind2=" ">
   <subfield code="a">Αθήνα :</subfield>
   <subfield code="b">Σύνδεσμος Ελληνικών Ακαδημαϊκών Βιβλιοθηκών,</subfield>
   <subfield code="c">c2015.</subfield>
  </datafield>
  <datafield tag="490" ind1=" " ind2=" ">
   <subfield code="a">Ακαδημαϊκά Ηλεκτρονικά Συγγράμματα και Βοηθήματα Κάλλιπος</subfield>
   <subfield code="8">40</subfield>
  </datafield>
  <datafield tag="520" ind1=" " ind2=" ">
   <subfield code="a">Το προτεινόμενο ηλεκτρονικό σύγγραμμα απευθύνεται σε προπτυχιακούς φοιτητές τμημάτων Γεωγραφίας ή συναφών με τη Φυσική Γεωγραφία τμημάτων. Αποτελεί ένα εισαγωγικό σύγγραμμα στα πεδία των ατμοσφαιρικών επιστημών, της εφαρμοσμένης κλιματολογίας και της κλιματικής αλλαγής παρέχοντας βασικές γνώσεις ανάλυσης των ατμοσφαιρικών και κλιματικών διεργασιών σε διάφορες χωροχρονικές κλίμακες. Δίνεται έμφαση στην κατανόηση της έννοιας της κλιματικής αλλαγής καθώς και στην ανάλυση των κλιματικών σεναρίων και των πολιτικών επαναφοράς. Σημαντική θεματική ενότητα αποτελούν οι ασκήσεις σε θεωρητικό και εργαστηριακό επίπεδο οι οποίες πλαισιώνονται από ένα πλήθος μετεωρολογικών και κλιματικών μεταδεδομένων. Επίσης οι φοιτητές ενημερώνονται για θέματα πρόγνωσης καιρού σε συνδυασμό με την πρακτική τους εξάσκηση από την καθημερινή πρόγνωση που παρέχεται ελεύθερα από την ιστοσελίδα http://meteoclima.hua.gr . Το προτεινόμενο σύγγραμμα περιλαμβάνει τις ακόλουθες θεματικές ενότητες. Βασικά χαρακτηριστικά του Γήϊνου συστήματος-Αρχές ατμοσφαιρικής θερμοδυναμικής-Κινηματική της ατμόσφαιρας-Αέριες μάζες και μετωπικές επιφάνειες-Η ακτινοβολία στην ατμόσφαιρα-Χωροχρονικές κλίμακες κινήσεων στην ατμόσφαιρα-Συστήματα καιρού και πρόγνωση-Το παγκόσμιο κλιματικό σύστημα-Το φυσικό και ενισχυμένο φαινόμενο του θερμοκηπίου-Κλιματικά σενάρια-Τα σημαντικότερα κλιματικά φαινόμενα-Η μεταφορά σκόνης φυσικής προέλευσης και ο ρόλος της ως κλιματικός παράγοντας.</subfield>
  </datafield>
  <datafield tag="650" ind1=" " ind2="0">
   <subfield code="a">Atmospheric physics</subfield>
   <subfield code="8">2148</subfield>
  </datafield>
  <datafield tag="650" ind1=" " ind2="0">
   <subfield code="a">Meteorology</subfield>
   <subfield code="8">2409</subfield>
  </datafield>
  <datafield tag="653" ind1=" " ind2=" ">
   <subfield code="a">Κλιματική αλλαγή</subfield>
  </datafield>
  <datafield tag="653" ind1=" " ind2=" ">
   <subfield code="a">Κλιματολογία</subfield>
  </datafield>
  <datafield tag="653" ind1=" " ind2=" ">
   <subfield code="a">Μετεωρολογία</subfield>
  </datafield>
  <datafield tag="653" ind1=" " ind2=" ">
   <subfield code="a">Επιστήμες της γης</subfield>
   <subfield code="a">Μετεωρολογία</subfield>
   <subfield code="a">Φυσική μετεωρολογία</subfield>
  </datafield>
  <datafield tag="653" ind1=" " ind2=" ">
   <subfield code="a">Επιστήμες της γης</subfield>
   <subfield code="a">Μετεωρολογία</subfield>
   <subfield code="a">Δυναμική μετεωρολογία</subfield>
  </datafield>
  <datafield tag="653" ind1=" " ind2=" ">
   <subfield code="a">Επιστήμες της γης</subfield>
   <subfield code="a">Κλιματολογία</subfield>
   <subfield code="a">Κλιματική αλλαγή</subfield>
  </datafield>
  <datafield tag="653" ind1=" " ind2=" ">
   <subfield code="a">Επιστήμες της γης</subfield>
   <subfield code="a">Κλιματολογία</subfield>
  </datafield>
  <datafield tag="653" ind1=" " ind2=" ">
   <subfield code="a">Επιστήμες της γης</subfield>
   <subfield code="a">Μετεωρολογία</subfield>
  </datafield>
  <datafield tag="700" ind1="1" ind2=" ">
   <subfield code="a">Μαυροματίδης, Ηλίας</subfield>
   <subfield code="e">Συγγραφέας</subfield>
   <subfield code="8">1305</subfield>
  </datafield>
  <datafield tag="700" ind1="1" ind2=" ">
   <subfield code="a">Παπαδόπουλος, Αναστάσιος</subfield>
   <subfield code="e">Κριτικός αναγνώστης</subfield>
   <subfield code="8">1306</subfield>
  </datafield>
  <datafield tag="856" ind1="4" ind2="0">
   <subfield code="u">http://hdl.handle.net/11419/3708</subfield>
   <subfield code="z">Πλήρες Κείμενο - Full text</subfield>
  </datafield>
  <datafield tag="907" ind1=" " ind2=" ">
   <subfield code="a">.b25679557</subfield>
   <subfield code="b">12-06-18</subfield>
   <subfield code="c">29-07-16</subfield>
  </datafield>
  <datafield tag="949" ind1=" " ind2=" ">
   <subfield code="0">0</subfield>
   <subfield code="1">0</subfield>
   <subfield code="2">ddc</subfield>
   <subfield code="4">0</subfield>
   <subfield code="6">551_500000000000000_ΚΑΤ</subfield>
   <subfield code="7">0</subfield>
   <subfield code="8">KALL</subfield>
   <subfield code="8">714</subfield>
   <subfield code="d">2016-04-13</subfield>
   <subfield code="r">2016-04-13</subfield>
   <subfield code="w">2016-04-13</subfield>
   <subfield code="z">551.5 ΚΑΤ</subfield>
   <subfield code="o">SEAB KALLIPOS</subfield>
  </datafield>
  <datafield tag="998" ind1=" " ind2=" ">
   <subfield code="a">80</subfield>
   <subfield code="a">01</subfield>
   <subfield code="a">02</subfield>
   <subfield code="a">03</subfield>
   <subfield code="a">04</subfield>
   <subfield code="a">05</subfield>
   <subfield code="a">06</subfield>
   <subfield code="a">07</subfield>
   <subfield code="a">08</subfield>
   <subfield code="a">09</subfield>
   <subfield code="a">10</subfield>
   <subfield code="a">11</subfield>
   <subfield code="a">12</subfield>
   <subfield code="a">13</subfield>
   <subfield code="a">14</subfield>
   <subfield code="a">15</subfield>
   <subfield code="a">16</subfield>
   <subfield code="a">17</subfield>
   <subfield code="a">18</subfield>
   <subfield code="a">19</subfield>
   <subfield code="a">20</subfield>
   <subfield code="a">21</subfield>
   <subfield code="a">22</subfield>
   <subfield code="a">23</subfield>
   <subfield code="a">24</subfield>
   <subfield code="a">25</subfield>
   <subfield code="a">26</subfield>
   <subfield code="b">16-05-17</subfield>
   <subfield code="c">m</subfield>
   <subfield code="d">z  </subfield>
   <subfield code="e">-</subfield>
   <subfield code="f">gre</subfield>
   <subfield code="g">gr </subfield>
   <subfield code="h">0</subfield>
  </datafield>
  <datafield tag="942" ind1=" " ind2=" ">
   <subfield code="2">ddc</subfield>
   <subfield code="c">KALLIPOS</subfield>
  </datafield>
 </record>
</collection>
